Исследование электрического пробоя тонких слоев некоторых твердых диэлектриков: диссертация на соискание ученой степени кандидата технических наук

التفاصيل البيبلوغرافية
المؤلف الرئيسي: Кострыгин В. А.
مؤلف مشترك: Томский политехнический институт
مؤلفون آخرون: Воробьев А. А. (научный руководитель), Воробьев А. А. Александр Акимович
اللغة:الروسية
منشور في: Томск, [Б. и.], 1961
الموضوعات:
التنسيق: كتاب
KOHA link:https://koha.lib.tpu.ru/cgi-bin/koha/opac-detail.pl?biblionumber=119783

MARC

LEADER 00000nbm0a2200000 4500
001 119783
005 20231031124730.0
035 |a (RuTPU)RU\TPU\book\129692 
090 |a 119783 
100 |a 20070803d1961 k y0rusy50 ca 
101 0 |a rus 
102 |a RU 
105 |a a m 001zy 
200 1 |a Исследование электрического пробоя тонких слоев некоторых твердых диэлектриков  |e диссертация на соискание ученой степени кандидата технических наук  |f В. А. Кострыгин  |g Томский политехнический институт ; науч. рук. А. А. Воробьев 
210 |a Томск  |c [Б. и.]  |d 1961 
215 |a 171 л.  |c ил. 
320 |a Библиогр.: с. 165-169 (119 назв.) 
610 1 |a твердые диэлектрики 
610 1 |a разряды 
610 1 |a разряды в газе 
610 1 |a электрическая прочность 
610 1 |a тонкие слои 
610 1 |a облучение 
610 1 |a диссертации 
610 1 |a труды учёных ТПУ 
675 |a 621.315.616(04)  |v 3 
675 |a 537.226(04)  |v 3 
700 1 |a Кострыгин  |b В. А. 
702 1 |a Воробьев  |b А. А.  |4 727 
702 1 |a Воробьев  |b А. А.  |c российский физик  |c ректор Томского политехнического института, профессор  |f 1909-1981  |g Александр Акимович  |2 stltpush  |3 (RuTPU)RU\TPU\pers\12805  |4 727 
712 0 2 |a Томский политехнический институт  |z 1944-1991  |2 stltpush  |3 (RuTPU)RU\TPU\col\1123 
801 1 |a RU  |b 63413507  |c 20070803  |g PSBO 
801 2 |a RU  |b 63413507  |c 20200828  |g PSBO 
942 |c BK